Lauréats du Ballon d’or par image - Mort Subite - Statistiques

Statistiques générales
  • Ce quiz a été pris 958 fois
    175 depuis la dernière actualisation
  • Le résultat moyen est 13 sur 34
Answers on the Grid
Answers color-coded by a green-red scale on the quiz's grid according to % correct below.
Rodri
Lionel Messi
Karim Benzema
Luka Modric
Cristiano Ronaldo
Fabio Cannavaro
Ronaldinho
Andriy Shevchenko
Pavel Nedved
Ronaldo
Michael Owen
Luís Figo
Rivaldo
Zinédine Zidane
Matthias Sammer
George Weah
Hristo Stoichkov
Roberto Baggio
Marco van Basten
Jean-Pierre Papin
Lothar Matthäus
Ruud Gullit
Michel Platini
Paolo Rossi
Karl-Heinz Rummenigge
Franz Beckenbauer
Gerd Müller
Ousmane Dembélé
George Best
Sir Bobby Charlton
Eusébio
Lev Yashin
Alfredo di Stéfano
Johan Cruyff
Jude Bellingham
Vinicius Junior
Erling Haaland
Kylian Mbappé
Kevin De Bruyne
Robert Lewandowski
Virgil van Dijk
Antoine Griezmann
Neymar
Manuel Neuer
Franck Ribéry
Andrés Iniesta
Xavi
Fernando Torres
Thierry Henry
Gianluigi Buffon
Frank Lampard
Steven Gerrard
Deco
Paolo Maldini
Oliver Kahn
Raúl
David Beckham
Davor Suker
Alan Shearer
Jürgen Klinsmann
Éric Cantona
Dejan Savicevic
Franco Baresi
Frank Rijkaard
Emilio Butragueño
Gary Lineker
Dino Zoff
Bobby Moore
Jimmy Greaves
Ferenc Puskás
Andreas Brehme
Preben Elkjaer Larsen
 
Statistiques - réponses
Réponse % Correct
Karim Benzema Karim Benzema
60%
Lionel Messi Lionel Messi
58%
Cristiano Ronaldo Cristiano Ronaldo
58%
Zinedine Zidane Zinédine Zidane
56%
Luka Modrić Luka Modric
53%
Ousmane Dembélé Ousmane Dembélé
53%
Ronaldinho Ronaldinho
53%
Rodri Rodri
49%
Ronaldo Ronaldo
47%
Pavel Nedvěd Pavel Nedved
45%
Johan Cruyff Johan Cruyff
45%
Jean-Pierre Papin Jean-Pierre Papin
44%
Luís Figo Luís Figo
44%
Ruud Gullit Ruud Gullit
42%
Marco van Basten Marco van Basten
41%
Eusébio Eusébio
41%
Andriy Shevchenko Andriy Shevchenko
40%
Michel Platini Michel Platini
40%
George Weah George Weah
37%
Rivaldo Rivaldo
36%
Lothar Matthäus Lothar Matthäus
33%
George Best George Best
33%
Roberto Baggio Roberto Baggio
32%
Fabio Cannavaro Fabio Cannavaro
32%
Franz Beckenbauer Franz Beckenbauer
32%
Gerd Müller Gerd Müller
29%
Alfredo Di Stéfano Alfredo di Stéfano
28%
Michael Owen Michael Owen
28%
Lev Yashin Lev Yashin
24%
Bobby Charlton Sir Bobby Charlton
23%
Hristo Stoičkov Hristo Stoichkov
23%
Karl-Heinz Rummenigge Karl-Heinz Rummenigge
16%
Matthias Sammer Matthias Sammer
14%
Paolo Rossi Paolo Rossi
11%
Aucun quiz correspondant
Distribution des résultats
% des personnes avec chaque résultat
Percentile par nombre de réponses
Votre historique - résultats
Vous n’avez pas pris ce quiz depuis la dernière actualisation